Exegetical dictionary of the New Testament / (Record no. 6808)

MARC details
000 -LEADER
fixed length control field 01456cam a2200361 a 4500
001 - CONTROL NUMBER
control field 4835064
003 - CONTROL NUMBER IDENTIFIER
control field GBCCL
005 - DATE AND TIME OF LATEST TRANSACTION
control field 20241126110612.0
008 - FIXED-LENGTH DATA ELEMENTS--GENERAL INFORMATION
fixed length control field 900330m19901993miu bd 001 0 eng
010 ## -
-- 90035682
020 ## - INTERNATIONAL STANDARD BOOK NUMBER
International Standard Book Number 0802824099 (v. 1) :
Terms of availability $39.50
020 ## - INTERNATIONAL STANDARD BOOK NUMBER
International Standard Book Number 0802824102 (v. 2)
020 ## - INTERNATIONAL STANDARD BOOK NUMBER
International Standard Book Number 0802824110 (v. 3)
040 ## - CATALOGING SOURCE
Original cataloging agency DLC
Transcribing agency DLC
Modifying agency DLC
041 1# -
-- enggrc
-- gergrc
050 00 -
-- BS2312
-- .E913 1990
082 00 - DEWEY DECIMAL CLASSIFICATION NUMBER
Classification number 225.4803
Edition information 20
Item number EXE
130 0# -
-- Exegetisches Wörterbuch zum Neuen Testament.
-- English.
-- 12200
245 10 - TITLE STATEMENT
Title Exegetical dictionary of the New Testament /
Statement of responsibility, etc. edited by Horst Balz and Gerhard Schneider.
260 ## - PUBLICATION, DISTRIBUTION, ETC.
Place of publication, distribution, etc. Grand Rapids, Mich. :
Name of publisher, distributor, etc. Eerdmans,
Date of publication, distribution, etc. c1990-c1993.
300 ## - PHYSICAL DESCRIPTION
Extent 3 v. ;
Dimensions 26 cm.
500 ## - GENERAL NOTE
General note Translation of: Exegetisches Wörterbuch zum Neuen Testament.
504 ## - BIBLIOGRAPHY, ETC. NOTE
Bibliography, etc. note Includes bibliographical references and index.
505 0# - FORMATTED CONTENTS NOTE
Formatted contents note v. 1. Aarōn-Henōch -- v. 2. Ex-opsōnion -- v. 3. Pagideuō -ōphelimos.
630 00 - SUBJECT ADDED ENTRY--UNIFORM TITLE
Uniform title Bible.
Name of part/section of a work New Testament
General subdivision Dictionaries
-- Greek.
9 (RLIN) 11932
630 00 - SUBJECT ADDED ENTRY--UNIFORM TITLE
Uniform title Bible.
Name of part/section of a work New Testament
General subdivision Criticism, interpretation, etc.
9 (RLIN) 338
650 #0 - SUBJECT ADDED ENTRY--TOPICAL TERM
Topical term or geographic name entry element Greek language, Biblical
General subdivision Dictionaries
-- English.
9 (RLIN) 1761
700 1# - ADDED ENTRY--PERSONAL NAME
Personal name Balz, Horst Robert.
9 (RLIN) 12201
700 1# - ADDED ENTRY--PERSONAL NAME
Personal name Schneider, Gerhard,
Dates associated with a name 1926-
9 (RLIN) 12202
906 ## - LOCAL DATA ELEMENT F, LDF (RLIN)
a 7
b cbc
c orignew
d 1
e ocip
f 19
g y-gencatlg
942 ## - ADDED ENTRY ELEMENTS (KOHA)
Source of classification or shelving scheme Dewey Decimal Classification
Koha item type Reference Books
Holdings
Withdrawn status Lost status Source of classification or shelving scheme Damaged status Not for loan Home library Current Library Shelving location Date acquired Total checkouts Full call number Barcode Date last seen Copy number Price effective from Koha item type
    Dewey Decimal Classification     GRACE BIBLE COLLEGE GRACE BIBLE COLLEGE Dictionary 2018-06-28   225.4803 EXE 010007 2025-05-01 v.1 2018-06-28 Reference Books
    Dewey Decimal Classification     GRACE BIBLE COLLEGE GRACE BIBLE COLLEGE Dictionary 2018-06-28   225.4803 EXE 010009 2025-05-01 v.1 c.2 2018-06-28 Reference Books
    Dewey Decimal Classification     GRACE BIBLE COLLEGE GRACE BIBLE COLLEGE Dictionary 2018-06-28   225.4803 EXE 010010 2025-05-01 v.1 c.3 2018-06-28 Reference Books
    Dewey Decimal Classification     GRACE BIBLE COLLEGE GRACE BIBLE COLLEGE Dictionary 2018-06-28   225.4803 EXE 010024 2025-05-01 v.2 2018-06-28 Reference Books
    Dewey Decimal Classification     GRACE BIBLE COLLEGE GRACE BIBLE COLLEGE Dictionary 2018-06-28   225.4803 EXE 010032 2025-05-01 v.2 c.2 2018-06-28 Reference Books
    Dewey Decimal Classification     GRACE BIBLE COLLEGE GRACE BIBLE COLLEGE Dictionary 2018-06-28   225.4803 EXE 010033 2025-05-01 v.2 c.3 2018-06-28 Reference Books
    Dewey Decimal Classification     GRACE BIBLE COLLEGE GRACE BIBLE COLLEGE Dictionary 2018-06-28   225.4803 EXE 010039 2025-05-01 v.3 2018-06-28 Reference Books
    Dewey Decimal Classification     GRACE BIBLE COLLEGE GRACE BIBLE COLLEGE Dictionary 2018-06-28   225.4803 EXE 010040 2025-05-01 v.3 c.2 2018-06-28 Reference Books
    Dewey Decimal Classification     GRACE BIBLE COLLEGE GRACE BIBLE COLLEGE Dictionary 2018-06-28   225.4803 EXE 010045 2025-05-01 v.3 c.3 2018-06-28 Reference Books
© Grace Bible College Library 2025